000 00711cam a22002411 4500
999 _c127310
_d127310
001 6040840
003 ARRUPE
005 20180110113706.0
008 750113s1952 xx 000 0 fre
010 _a 53016588
035 _a(OCoLC)1138643
040 _aDLC
_cOClU
_dDLC
042 _apremarc
050 0 0 _aBL600
_b.E414
100 1 _aEliade, Mircea,
_d1907-1986.
_938299
245 1 0 _aImages et symboles;
_bessais sur le symbolisme magico-religieux.
_cMircea Eliade
260 _aParis
_bGallimard
_c1952
300 _a238p.
_c19cm.
490 0 _aLes Essais,
_v60
650 0 _aSymbolism
_938300
906 _a7
_bcbc
_coclcrpl
_du
_encip
_f19
_gy-gencatlg
942 _2lcc
_cMONOGRAPH